000
00302nam a22001337a 4500
008
181205b xxu||||| |||| 00| 0 eng d
020
_a
9780852636732
041
_a
eng
080
_a
720
100
_a
41
101
_a
ARK
245
_a
Discovering Cottage Architecture
_c
Powell,Ch
942
_2
udc
_c
BK
999
_c
52854
_d
52854